University Home | Library Home | Institutional Repository

The impact of Sathya Sai education in human values at Sathyya Sai : (Record no. 100351)

MARC details
000 -LEADER
fixed length control field 00498cam0a220013300 4500
005 - DATE AND TIME OF LATEST TRANSACTION
control field 20190819100100.0
008 - FIXED-LENGTH DATA ELEMENTS--GENERAL INFORMATION
fixed length control field 001129
035 ## - SYSTEM CONTROL NUMBER
System control number (Sirsi) a143378
099 ## - LOCAL FREE-TEXT CALL NUMBER (OCLC)
Classification number ZAMB GV 1150.6 MAN 1998
100 1# - MAIN ENTRY--PERSONAL NAME
Personal name Manchishi, P. C.
Linkage A50854.1
245 10 - TITLE STATEMENT
Title The impact of Sathya Sai education in human values at Sathyya Sai :
Remainder of title The miracle school Ndola-Zambia
Statement of responsibility, etc. by P. C. Manchishi.
260 ## - PUBLICATION, DISTRIBUTION, ETC.
Place of publication, distribution, etc. Ndola :
Name of publisher, distributor, etc. The Miracle School,
Date of publication, distribution, etc. 1998
650 #0 - SUBJECT ADDED ENTRY--TOPICAL TERM
Topical term or geographic name entry element Sai -- Zambia
Geographic subdivision Sai -- Zambia
Linkage S86144.1

No items available.

© 2026 - The University of Zambia Library - Koha v25.11